[Event "European Online Club-ch-D 2021"]
[Site "Online"]
[Date "2021.03.27"]
[Round "9.3"]
[White "Eynullayev, Atilla"]
[Black "Korkmaz, Necmettin"]
[Result "0-1"]
[WhiteElo "2347"]
[BlackElo "2101"]
[Annotator "NA"]
[PlyCount "84"]
[EventDate "2021.03.27"]
[EventType "team-tourn"]
[EventCountry "NET"]
[SourceTitle "playchess.com"]
[Source "ChessBase"]
[SourceQuality "1"]
[TimeControl "900+5"]

1. e4 {[%emt 0:00:00]} d5 {[%emt 0:00:08]} 2. exd5 {[%emt 0:00:02]} Nf6 {[%emt 0:00:03]} 3. Nf3 {[%emt 0:00:02]} Bg4 {[%emt 0:00:07]} 4. h3 {[%emt 0:00:04]} Bxf3 {[%emt 0:00:38]} 5. Qxf3 {[%emt 0:00:02]} Qxd5 {[%emt 0:00:01]} 6. Qxd5 {[%emt 0:00:04]} Nxd5 {[%emt 0:00:02]} 7. a3 {[%emt 0:00:03]} e5 {[%emt 0:00:13]} 8. b3 {[%emt 0:00:29]} a6 {[%emt 0:00:05]} 9. Bb2 {[%emt 0:00:01]} Nc6 {[%emt 0:00:03]} 10. g3 {[%emt 0:00:05]} Nd4 {[%emt 0:00:13]} 11. Kd1 {[%emt 0:00:40]} O-O-O {[%emt 0:00:09]} 12. Bg2 {[%emt 0:00:04]} Bc5 {[%emt 0:00:14]} 13. Re1 {[%emt 0:00:19]} Rhe8 {[%emt 0:00:13]} 14. d3 {[%emt 0:01:15]} f5 {[%emt 0:00:10]} 15. Nd2 {[%emt 0:00:09]} Nc6 {[%emt 0:01:24]} 16. Re2 {[%emt 0:00:38]} Nd4 {[%emt 0:00:11]} 17. Re1 {[%emt 0:00:08]} Nc6 {[%emt 0:00:02]} 18. c4 {[%emt 0:04:34]} Nf6 {[%emt 0:00:57]} 19. Bxc6 {[%emt 0:00:56]} bxc6 {[%emt 0:00:04]} 20. Rxe5 {[%emt 0:00:25]} Bxf2 {[%emt 0:01:33]} 21. Rxf5 {[%emt 0:01:30]} Bxg3 {[%emt 0:00:22]} 22. Rf3 {[%emt 0:01:23]} Bh4 {[%emt 0:00:10]} 23. Kc2 {[%emt 0:00:10]} Re2 {[%emt 0:00:03]} 24. Rg1 {[%emt 0:00:12]} Ne4 {[%emt 0:01:11]} 25. Bc1 {[%emt 0:00:24]} Bg5 {[%emt 0:01:29]} 26. Rd1 {[%emt 0:01:39]} Nf2 {[%emt 0:00:16]} 27. Rf1 {[%emt 0:00:44]} Bxd2 {[%emt 0:01:13]} 28. Bxd2 {[%emt 0:00:23]} Ne4 {[%emt 0:00:05]} 29. Rd1 {[%emt 0:00:06]} Ng5 {[%emt 0:00:56]} 30. Re3 {[%emt 0:00:35]} Rh2 {[%emt 0:00:06]} 31. Rg1 {[%emt 0:00:05]} h6 {[%emt 0:00:06]} 32. Kc3 {[%emt 0:00:16]} Rd7 {[%emt 0:00:04]} 33. Be1 {[%emt 0:00:04]} Nxh3 {[%emt 0:00:11]} 34. Rg6 {[%emt 0:00:09]} Kb7 {[%emt 0:00:46]} 35. Bg3 {[%emt 0:00:05]} Ra2 {[%emt 0:00:11]} 36. Bxc7 {[%emt 0:00:06]} Nf2 {[%emt 0:00:14]} 37. Reg3 {[%emt 0:00:03]} c5 {[%emt 0:00:11]} 38. b4 {[%emt 0:00:05]} Rxa3+ {[%emt 0:00:20]} 39. Kb2 {[%emt 0:00:03]} cxb4 {[%emt 0:00:06]} 40. Rxg7 {[%emt 0:00:10]} Nxd3+ {[%emt 0:00:09]} 41. Kc2 {[%emt 0:00:03]} Rc3+ {[%emt 0:00:07]} 42. Kb1 {[%emt 0:00:02]} Kxc7 {[%emt 0:00:02]} 0-1

[Event "European Online Club-ch-D 2021"]
[Site "Online"]
[Date "2021.03.27"]
[Round "9.4"]
[White "Erdogmus, Yagiz Kaan"]
[Black "Samadov, Read"]
[Result "1/2-1/2"]
[WhiteElo "1955"]
[BlackElo "2332"]
[Annotator "NA"]
[PlyCount "144"]
[EventDate "2021.03.27"]
[EventType "team-tourn"]
[EventCountry "NET"]
[SourceTitle "playchess.com"]
[Source "ChessBase"]
[SourceQuality "1"]
[TimeControl "900+5"]

1. e4 {[%emt 0:00:00]} c5 {[%emt 0:00:03]} 2. Nf3 {[%emt 0:00:03]} d6 {[%emt 0:00:02]} 3. Bb5+ {[%emt 0:00:02]} Bd7 {[%emt 0:00:03]} 4. Bxd7+ {[%emt 0:00:02]} Qxd7 {[%emt 0:00:02]} 5. O-O {[%emt 0:00:04]} Nc6 {[%emt 0:00:04]} 6. c3 {[%emt 0:00:03]} Nf6 {[%emt 0:00:04]} 7. d4 {[%emt 0:00:04]} Nxe4 {[%emt 0:00:04]} 8. d5 {[%emt 0:00:03]} Ne5 {[%emt 0:00:01]} 9. Nxe5 {[%emt 0:00:02]} dxe5 {[%emt 0:00:01]} 10. Re1 {[%emt 0:00:02]} Nd6 {[%emt 0:00:03]} 11. Rxe5 {[%emt 0:00:03]} g6 {[%emt 0:00:06]} 12. Bf4 {[%emt 0:00:27]} Bg7 {[%emt 0:00:43]} 13. Re1 {[%emt 0:00:40]} O-O {[%emt 0:00:23]} 14. Nd2 {[%emt 0:00:28]} Rad8 {[%emt 0:01:08]} 15. Qb3 {[%emt 0:04:31]} Nf5 {[%emt 0:01:28]} 16. Nf3 {[%emt 0:02:17]} Rfe8 {[%emt 0:02:39]} 17. Rad1 {[%emt 0:00:13]} Nd6 {[%emt 0:01:35]} 18. Bxd6 {[%emt 0:02:33]} exd6 {[%emt 0:00:08]} 19. a4 {[%emt 0:00:07]} Kf8 {[%emt 0:01:44]} 20. Nd2 {[%emt 0:01:00]} b6 {[%emt 0:01:12]} 21. Nc4 {[%emt 0:00:41]} Rxe1+ {[%emt 0:00:37]} 22. Rxe1 {[%emt 0:00:04]} Qf5 {[%emt 0:00:09]} 23. a5 {[%emt 0:01:05]} Qxd5 {[%emt 0:00:17]} 24. axb6 {[%emt 0:00:03]} axb6 {[%emt 0:00:02]} 25. Qxb6 {[%emt 0:00:34]} Bf6 {[%emt 0:00:12]} 26. Ne3 {[%emt 0:00:32]} Qe6 {[%emt 0:00:45]} 27. Rd1 {[%emt 0:00:18]} Kg7 {[%emt 0:00:24]} 28. h3 {[%emt 0:00:44]} Bg5 {[%emt 0:00:38]} 29. b4 {[%emt 0:00:27]} cxb4 {[%emt 0:01:12]} 30. cxb4 {[%emt 0:00:02]} Rc8 {[%emt 0:00:16]} 31. Qd4+ {[%emt 0:00:06]} Bf6 {[%emt 0:00:24]} 32. Qd5 {[%emt 0:00:10]} Qe8 {[%emt 0:00:10]} 33. g3 {[%emt 0:00:06]} Rb8 {[%emt 0:00:06]} 34. Qc4 {[%emt 0:00:06]} Qa4 {[%emt 0:00:11]} 35. Rxd6 {[%emt 0:00:05]} Rxb4 {[%emt 0:00:06]} 36. Qd3 {[%emt 0:00:02]} Qa1+ {[%emt 0:00:13]} 37. Kg2 {[%emt 0:00:03]} Rd4 {[%emt 0:00:30]} 38. Rxd4 {[%emt 0:00:03]} Bxd4 {[%emt 0:00:03]} 39. Nc4 {[%emt 0:00:08]} Bf6 {[%emt 0:00:05]} 40. Nd6 {[%emt 0:00:02]} Qe5 {[%emt 0:00:06]} 41. Ne4 {[%emt 0:00:03]} Be7 {[%emt 0:00:06]} 42. Qf3 {[%emt 0:00:04]} h5 {[%emt 0:00:04]} 43. h4 {[%emt 0:00:09]} Qd4 {[%emt 0:00:06]} 44. Kf1 {[%emt 0:00:06]} Qa1+ {[%emt 0:00:07]} 45. Kg2 {[%emt 0:00:02]} Qe5 {[%emt 0:00:02]} 46. Nd2 {[%emt 0:00:05]} Bc5 {[%emt 0:00:04]} 47. Ne4 {[%emt 0:00:03]} Be7 {[%emt 0:00:05]} 48. Qc3 {[%emt 0:00:03]} Qxc3 {[%emt 0:00:04]} 49. Nxc3 {[%emt 0:00:02]} Bf6 {[%emt 0:00:01]} 50. Ne4 {[%emt 0:00:02]} Bd4 {[%emt 0:00:02]} 51. Kf3 {[%emt 0:00:01]} Kf8 {[%emt 0:00:02]} 52. Ng5 {[%emt 0:00:11]} Ke7 {[%emt 0:00:04]} 53. Nh3 {[%emt 0:00:01]} Kf6 {[%emt 0:00:04]} 54. Ng5 {[%emt 0:00:02]} Bb6 {[%emt 0:00:03]} 55. Ne4+ {[%emt 0:00:03]} Ke5 {[%emt 0:00:05]} 56. Ng5 {[%emt 0:00:04]} Kf6 {[%emt 0:00:04]} 57. Ne4+ {[%emt 0:00:04]} Ke7 {[%emt 0:00:02]} 58. Nc3 {[%emt 0:00:06]} Ke6 {[%emt 0:00:02]} 59. Ne4 {[%emt 0:00:02]} f6 {[%emt 0:00:02]} 60. Nd2 {[%emt 0:00:03]} Kf5 {[%emt 0:00:04]} 61. Kg2 {[%emt 0:00:19]} Bd4 {[%emt 0:00:09]} 62. Kf3 {[%emt 0:00:07]} g5 {[%emt 0:00:06]} 63. hxg5 {[%emt 0:00:02]} fxg5 {[%emt 0:00:02]} 64. Kg2 {[%emt 0:00:01]} Ba7 {[%emt 0:00:03]} 65. f3 {[%emt 0:00:08]} Be3 {[%emt 0:00:04]} 66. Nc4 {[%emt 0:00:04]} Bc5 {[%emt 0:00:02]} 67. Nd2 {[%emt 0:00:03]} g4 {[%emt 0:00:02]} 68. fxg4+ {[%emt 0:00:03]} Kxg4 {[%emt 0:00:03]} 69. Ne4 {[%emt 0:00:04]} Bd4 {[%emt 0:00:02]} 70. Nf2+ {[%emt 0:00:05]} Bxf2 {[%emt 0:00:03]} 71. Kxf2 {[%emt 0:00:02]} h4 {[%emt 0:00:01]} 72. gxh4 {[%emt 0:00:02]} Kxh4 {[%emt 0:00:01]} 1/2-1/2

[Event "European Online Club-ch-D 2021"]
[Site "Online"]
[Date "2021.03.27"]
[Round "9.5"]
[White "Straka, Vojtech"]
[Black "Bauer, Christian"]
[Result "0-1"]
[WhiteElo "2417"]
[BlackElo "2639"]
[Annotator "ChessBase"]
[PlyCount "76"]
[EventDate "2021.03.27"]
[EventType "team-tourn"]
[EventCountry "NET"]
[SourceTitle "playchess.com"]
[Source "ChessBase"]
[SourceQuality "1"]
[TimeControl "900+5"]

1. c4 {[%emt 0:00:00]} e5 {[%emt 0:00:04]} 2. Nc3 {[%emt 0:00:03]} Nc6 {[%emt 0:00:01]} 3. Nf3 {[%emt 0:00:05]} f5 {[%emt 0:00:02]} 4. g3 {[%emt 0:00:04]} Nf6 {[%emt 0:00:16]} 5. d4 {[%emt 0:00:03]} e4 {[%emt 0:00:04]} 6. Nh4 {[%emt 0:00:02]} g6 {[%emt 0:00:35]} 7. Bg5 {[%emt 0:00:48]} Be7 {[%emt 0:00:32]} 8. e3 {[%emt 0:00:17]} d6 {[%emt 0:00:25]} 9. Ng2 {[%emt 0:00:21]} Ng4 {[%emt 0:00:42]} 10. Bxe7 {[%emt 0:00:14]} Nxe7 {[%emt 0:00:02]} 11. Be2 {[%emt 0:00:16]} Nf6 {[%emt 0:00:03]} 12. h4 {[%emt 0:00:10]} c6 {[%emt 0:00:28]} 13. Nf4 {[%emt 0:00:16]} a6 {[%emt 0:00:13]} 14. b4 {[%emt 0:01:06]} Kf7 {[%emt 0:00:10]} 15. Qb3 {[%emt 0:00:20]} h6 {[%emt 0:00:37]} 16. d5 {[%emt 0:03:23]} Kg7 {[%emt 0:03:05]} 17. Rd1 {[%emt 0:00:12]} a5 {[%emt 0:01:04]} 18. a3 {[%emt 0:00:31]} axb4 {[%emt 0:00:08]} 19. axb4 {[%emt 0:00:02]} cxd5 {[%emt 0:01:12]} 20. O-O {[%emt 0:01:38]} dxc4 {[%emt 0:00:32]} 21. Qxc4 {[%emt 0:00:05]} d5 {[%emt 0:00:57]} 22. Qb5 {[%emt 0:02:33]} Qd7 {[%emt 0:01:29]} 23. Nfxd5 {[%emt 0:00:47]} Qxb5 {[%emt 0:00:19]} 24. Bxb5 {[%emt 0:00:02]} Nexd5 {[%emt 0:00:21]} 25. Nxd5 {[%emt 0:00:02]} g5 {[%emt 0:02:14]} 26. hxg5 {[%emt 0:01:01]} hxg5 {[%emt 0:00:02]} 27. Nb6 {[%emt 0:00:07]} Ra2 {[%emt 0:00:18]} 28. Ra1 {[%emt 0:01:10]} Rxa1 {[%emt 0:00:10]} 29. Rxa1 {[%emt 0:00:02]} Be6 {[%emt 0:00:01]} 30. Ra7 {[%emt 0:00:07]} Ng4 {[%emt 0:00:27]} 31. Rxb7+ {[%emt 0:00:04]} Kf6 {[%emt 0:00:01]} 32. Rc7 {[%emt 0:00:23]} Ne5 {[%emt 0:00:27]} 33. Be2 {[%emt 0:00:11]} Rb8 {[%emt 0:00:03]} 34. Nc4 {[%emt 0:00:11]} Bxc4 {[%emt 0:00:03]} 35. Bxc4 {[%emt 0:00:02]} Nf3+ {[%emt 0:00:07]} 36. Kf1 {[%emt 0:00:26]} Rxb4 {[%emt 0:00:00]} 37. Rc6+ {[%emt 0:00:03]} Ke7 {[%emt 0:00:07]} 38. Ke2 {[%emt 0:00:34]} Rb1 {[%emt 0:00:17]} 0-1

[Event "European Online Club-ch-D 2021"]
[Site "Online"]
[Date "2021.03.27"]
[Round "9.6"]
[White "Pelletier, Yannick"]
[Black "Roubalik, Jakub"]
[Result "1/2-1/2"]
[WhiteElo "2581"]
[BlackElo "2391"]
[Annotator "ChessBase"]
[PlyCount "107"]
[EventDate "2021.03.27"]
[EventType "team-tourn"]
[EventCountry "NET"]
[SourceTitle "playchess.com"]
[Source "ChessBase"]
[SourceQuality "1"]
[TimeControl "900+5"]

1. d4 {[%emt 0:00:00]} Nf6 {[%emt 0:00:03]} 2. c4 {[%emt 0:00:03]} e6 {[%emt 0:00:01]} 3. Nc3 {[%emt 0:00:15]} Bb4 {[%emt 0:00:04]} 4. e3 {[%emt 0:00:03]} O-O {[%emt 0:00:12]} 5. Bd3 {[%emt 0:00:04]} d5 {[%emt 0:00:07]} 6. Nf3 {[%emt 0:00:07]} c5 {[%emt 0:00:13]} 7. O-O {[%emt 0:00:03]} Bxc3 {[%emt 0:00:14]} 8. bxc3 {[%emt 0:00:02]} dxc4 {[%emt 0:00:04]} 9. Bxc4 {[%emt 0:00:02]} Qc7 {[%emt 0:00:02]} 10. Bd3 {[%emt 0:00:45]} Nc6 {[%emt 0:00:40]} 11. e4 {[%emt 0:01:03]} e5 {[%emt 0:00:30]} 12. dxe5 {[%emt 0:02:24]} Ng4 {[%emt 0:01:17]} 13. Bf4 {[%emt 0:00:20]} Ngxe5 {[%emt 0:01:51]} 14. Nxe5 {[%emt 0:00:46]} Nxe5 {[%emt 0:00:05]} 15. Bc4 {[%emt 0:00:48]} Qe7 {[%emt 0:03:34]} 16. Bd5 {[%emt 0:00:05]} Re8 {[%emt 0:02:52]} 17. Rb1 {[%emt 0:00:47]} Rb8 {[%emt 0:01:00]} 18. c4 {[%emt 0:03:08]} b6 {[%emt 0:00:21]} 19. Qa4 {[%emt 0:02:00]} a6 {[%emt 0:00:54]} 20. Kh1 {[%emt 0:00:27]} b5 {[%emt 0:00:20]} 21. Qa5 {[%emt 0:00:13]} Qf6 {[%emt 0:01:22]} 22. Bxe5 {[%emt 0:00:29]} Qxe5 {[%emt 0:00:07]} 23. f4 {[%emt 0:00:11]} Qe7 {[%emt 0:00:06]} 24. cxb5 {[%emt 0:00:25]} axb5 {[%emt 0:00:02]} 25. Rxb5 {[%emt 0:00:03]} Rxb5 {[%emt 0:00:02]} 26. Qxb5 {[%emt 0:00:01]} Be6 {[%emt 0:00:02]} 27. h3 {[%emt 0:01:50]} Bxd5 {[%emt 0:00:12]} 28. exd5 {[%emt 0:00:00]} h5 {[%emt 0:00:22]} 29. d6 {[%emt 0:00:07]} Qe3 {[%emt 0:00:13]} 30. d7 {[%emt 0:00:17]} Rd8 {[%emt 0:00:02]} 31. Rd1 {[%emt 0:00:04]} Qxf4 {[%emt 0:00:25]} 32. Qxc5 {[%emt 0:00:06]} h4 {[%emt 0:00:06]} 33. Qc8 {[%emt 0:00:08]} Qf6 {[%emt 0:00:06]} 34. Re1 {[%emt 0:00:10]} Kh7 {[%emt 0:00:05]} 35. Qc7 {[%emt 0:00:11]} g6 {[%emt 0:00:09]} 36. a4 {[%emt 0:00:15]} Qf2 {[%emt 0:00:08]} 37. Rg1 {[%emt 0:00:11]} Qf6 {[%emt 0:00:05]} 38. a5 {[%emt 0:00:03]} Qe7 {[%emt 0:00:02]} 39. Rd1 {[%emt 0:00:04]} Qe2 {[%emt 0:00:01]} 40. Qc1 {[%emt 0:00:07]} Qb5 {[%emt 0:00:06]} 41. Qd2 {[%emt 0:00:07]} Qc6 {[%emt 0:00:04]} 42. Qd4 {[%emt 0:00:06]} Kg8 {[%emt 0:00:05]} 43. Qd5 {[%emt 0:00:06]} Qa4 {[%emt 0:00:05]} 44. Rd2 {[%emt 0:00:08]} Qa1+ {[%emt 0:00:06]} 45. Kh2 {[%emt 0:00:01]} Qa4 {[%emt 0:00:01]} 46. Rd4 {[%emt 0:00:03]} Qc2 {[%emt 0:00:06]} 47. Qd6 {[%emt 0:00:05]} Qa2 {[%emt 0:00:06]} 48. Rxh4 {[%emt 0:00:03]} Qxa5 {[%emt 0:00:04]} 49. Re4 {[%emt 0:00:08]} Kh7 {[%emt 0:00:06]} 50. Rf4 {[%emt 0:00:04]} Kg8 {[%emt 0:00:05]} 51. Qf6 {[%emt 0:00:05]} Rxd7 {[%emt 0:00:03]} 52. Rc4 {[%emt 0:00:06]} Qd8 {[%emt 0:00:07]} 53. Qxd8+ {[%emt 0:00:07]} Rxd8 {[%emt 0:00:01]} 54. h4 {[%emt 0:00:04]} 1/2-1/2

[Event "European Online Club-ch-D 2021"]
[Site "Online"]
[Date "2021.03.27"]
[Round "9.7"]
[White "Vymazal, Bronislav"]
[Black "Petkidis, Anthony"]
[Result "1-0"]
[WhiteElo "2350"]
[BlackElo "2401"]
[Annotator "NA"]
[PlyCount "177"]
[EventDate "2021.03.27"]
[EventType "team-tourn"]
[EventCountry "NET"]
[SourceTitle "playchess.com"]
[Source "ChessBase"]
[SourceQuality "1"]
[TimeControl "900+5"]

1. e4 {[%emt 0:00:00]} e5 {[%emt 0:00:03]} 2. Nf3 {[%emt 0:00:02]} Nc6 {[%emt 0:00:01]} 3. Bb5 {[%emt 0:00:02]} a6 {[%emt 0:00:02]} 4. Ba4 {[%emt 0:00:01]} Nf6 {[%emt 0:00:02]} 5. O-O {[%emt 0:00:02]} Be7 {[%emt 0:00:02]} 6. d3 {[%emt 0:00:02]} d6 {[%emt 0:00:09]} 7. c3 {[%emt 0:00:03]} O-O {[%emt 0:00:06]} 8. Nbd2 {[%emt 0:00:03]} Re8 {[%emt 0:00:02]} 9. h3 {[%emt 0:00:15]} Bf8 {[%emt 0:00:03]} 10. Re1 {[%emt 0:00:05]} b5 {[%emt 0:00:02]} 11. Bc2 {[%emt 0:00:02]} Bb7 {[%emt 0:00:07]} 12. d4 {[%emt 0:00:19]} Nb8 {[%emt 0:00:23]} 13. b3 {[%emt 0:01:00]} Nbd7 {[%emt 0:00:07]} 14. Bb2 {[%emt 0:00:03]} g6 {[%emt 0:00:07]} 15. a4 {[%emt 0:00:33]} Bg7 {[%emt 0:00:22]} 16. Bd3 {[%emt 0:00:36]} c6 {[%emt 0:00:31]} 17. Qc2 {[%emt 0:00:25]} Nh5 {[%emt 0:00:07]} 18. g3 {[%emt 0:00:21]} Rc8 {[%emt 0:01:38]} 19. axb5 {[%emt 0:01:10]} cxb5 {[%emt 0:00:20]} 20. d5 {[%emt 0:00:06]} Qb6 {[%emt 0:00:22]} 21. Kg2 {[%emt 0:00:40]} a5 {[%emt 0:00:05]} 22. c4 {[%emt 0:00:07]} b4 {[%emt 0:00:19]} 23. Nf1 {[%emt 0:00:20]} Nc5 {[%emt 0:00:10]} 24. Bc1 {[%emt 0:00:07]} f5 {[%emt 0:01:01]} 25. Rb1 {[%emt 0:00:58]} Rf8 {[%emt 0:00:48]} 26. Qe2 {[%emt 0:01:59]} Rce8 {[%emt 0:03:50]} 27. Bc2 {[%emt 0:00:18]} f4 {[%emt 0:00:38]} 28. g4 {[%emt 0:00:16]} Nf6 {[%emt 0:00:02]} 29. Rd1 {[%emt 0:00:41]} Bc8 {[%emt 0:00:05]} 30. Ne1 {[%emt 0:00:26]} h5 {[%emt 0:00:39]} 31. f3 {[%emt 0:00:32]} Bd7 {[%emt 0:00:17]} 32. Nh2 {[%emt 0:00:18]} Nh7 {[%emt 0:00:07]} 33. Nd3 {[%emt 0:00:04]} Bf6 {[%emt 0:00:18]} 34. Qf2 {[%emt 0:00:36]} Rc8 {[%emt 0:00:15]} 35. Bd2 {[%emt 0:00:05]} Qd8 {[%emt 0:00:18]} 36. Be1 {[%emt 0:00:03]} Kh8 {[%emt 0:00:10]} 37. Ra1 {[%emt 0:00:05]} Nb7 {[%emt 0:01:22]} 38. Kf1 {[%emt 0:00:13]} hxg4 {[%emt 0:00:22]} 39. hxg4 {[%emt 0:00:26]} Ng5 {[%emt 0:00:04]} 40. Qa7 {[%emt 0:00:45]} Qc7 {[%emt 0:00:50]} 41. Bf2 {[%emt 0:00:11]} Ra8 {[%emt 0:00:22]} 42. Qb6 {[%emt 0:00:03]} Rfc8 {[%emt 0:00:05]} 43. Qxc7 {[%emt 0:00:06]} Rxc7 {[%emt 0:00:00]} 44. Nxb4 {[%emt 0:00:04]} Nc5 {[%emt 0:00:16]} 45. Nd3 {[%emt 0:00:06]} Nxd3 {[%emt 0:00:13]} 46. Bxd3 {[%emt 0:00:02]} Kg7 {[%emt 0:00:01]} 47. b4 {[%emt 0:00:11]} Rh8 {[%emt 0:00:06]} 48. Kg2 {[%emt 0:00:15]} axb4 {[%emt 0:00:03]} 49. Rdb1 {[%emt 0:00:15]} Rb8 {[%emt 0:00:55]} 50. Rb3 {[%emt 0:00:13]} Be7 {[%emt 0:00:28]} 51. Rab1 {[%emt 0:00:13]} Rcb7 {[%emt 0:00:08]} 52. Be1 {[%emt 0:00:07]} Nf7 {[%emt 0:00:13]} 53. Rxb4 {[%emt 0:00:06]} Rxb4 {[%emt 0:00:03]} 54. Rxb4 {[%emt 0:00:01]} Rxb4 {[%emt 0:00:05]} 55. Bxb4 {[%emt 0:00:00]} Bd8 {[%emt 0:00:02]} 56. c5 {[%emt 0:00:14]} dxc5 {[%emt 0:00:04]} 57. Bxc5 {[%emt 0:00:00]} Kf6 {[%emt 0:00:04]} 58. Nf1 {[%emt 0:00:07]} Be7 {[%emt 0:00:02]} 59. Bb6 {[%emt 0:00:06]} Bd8 {[%emt 0:00:04]} 60. Ba7 {[%emt 0:00:09]} Nd6 {[%emt 0:00:05]} 61. Nd2 {[%emt 0:00:06]} Nc8 {[%emt 0:00:02]} 62. Bb8 {[%emt 0:00:08]} Nb6 {[%emt 0:00:19]} 63. g5+ {[%emt 0:00:49]} Kxg5 {[%emt 0:00:05]} 64. Bxe5 {[%emt 0:00:02]} Bf6 {[%emt 0:00:05]} 65. Bc7 {[%emt 0:00:03]} Bd4 {[%emt 0:00:06]} 66. Nc4 {[%emt 0:01:35]} Nxc4 {[%emt 0:00:03]} 67. Bxc4 {[%emt 0:00:01]} Be3 {[%emt 0:00:07]} 68. e5 {[%emt 0:00:03]} Kf5 {[%emt 0:00:05]} 69. Bd3+ {[%emt 0:00:10]} Kg5 {[%emt 0:00:04]} 70. Bd8+ {[%emt 0:00:04]} Kh6 {[%emt 0:00:03]} 71. e6 {[%emt 0:00:02]} Bc8 {[%emt 0:00:01]} 72. Bb5 {[%emt 0:00:06]} Bc5 {[%emt 0:00:08]} 73. e7 {[%emt 0:00:04]} Bxe7 {[%emt 0:00:01]} 74. Bxe7 {[%emt 0:00:02]} g5 {[%emt 0:00:01]} 75. d6 {[%emt 0:00:02]} g4 {[%emt 0:00:03]} 76. d7 {[%emt 0:00:07]} gxf3+ {[%emt 0:00:02]} 77. Kxf3 {[%emt 0:00:02]} Bxd7 {[%emt 0:00:01]} 78. Bxd7 {[%emt 0:00:02]} Kg6 {[%emt 0:00:03]} 79. Kxf4 {[%emt 0:00:02]} Kf7 {[%emt 0:00:05]} 80. Bd6 {[%emt 0:00:02]} Kg6 {[%emt 0:00:02]} 81. Be6 {[%emt 0:00:10]} Kf6 {[%emt 0:00:03]} 82. Bf5 {[%emt 0:00:04]} Kf7 {[%emt 0:00:01]} 83. Ke5 {[%emt 0:00:39]} Ke8 {[%emt 0:00:03]} 84. Bc7 {[%emt 0:00:06]} Ke7 {[%emt 0:00:02]} 85. Be6 {[%emt 0:00:02]} Ke8 {[%emt 0:00:03]} 86. Kf6 {[%emt 0:00:02]} Kf8 {[%emt 0:00:01]} 87. Bd7 {[%emt 0:00:07]} Kg8 {[%emt 0:00:01]} 88. Kg6 {[%emt 0:00:04]} Kh8 {[%emt 0:00:06]} 89. Bd6 {[%emt 0:00:04]} 1-0

[Event "European Online Club-ch-D 2021"]
[Site "Online"]
[Date "2021.03.27"]
[Round "9.9"]
[White "Tokhirjonova, Gulrukhbegim"]
[Black "Lupulescu, Constantin"]
[Result "1-0"]
[WhiteElo "2362"]
[BlackElo "2656"]
[Annotator "ChessBase"]
[PlyCount "85"]
[EventDate "2021.03.27"]
[EventType "team-tourn"]
[EventCountry "NET"]
[SourceTitle "playchess.com"]
[Source "ChessBase"]
[SourceQuality "1"]
[TimeControl "900+5"]

1. e4 {[%emt 0:00:00]} c5 {[%emt 0:00:02]} 2. Nf3 {[%emt 0:00:03]} d6 {[%emt 0:00:01]} 3. d4 {[%emt 0:00:01]} cxd4 {[%emt 0:00:01]} 4. Qxd4 {[%emt 0:00:01]} a6 {[%emt 0:00:17]} 5. c4 {[%emt 0:00:27]} Nc6 {[%emt 0:00:02]} 6. Qd1 {[%emt 0:00:03]} Nf6 {[%emt 0:00:14]} 7. Nc3 {[%emt 0:00:01]} e6 {[%emt 0:00:04]} 8. Be2 {[%emt 0:00:07]} Be7 {[%emt 0:00:02]} 9. O-O {[%emt 0:00:01]} O-O {[%emt 0:00:01]} 10. Nd4 {[%emt 0:00:09]} Qc7 {[%emt 0:00:20]} 11. Be3 {[%emt 0:00:05]} Ne5 {[%emt 0:00:16]} 12. Rc1 {[%emt 0:00:06]} b6 {[%emt 0:00:02]} 13. b3 {[%emt 0:00:03]} Bb7 {[%emt 0:00:03]} 14. f3 {[%emt 0:00:04]} Rac8 {[%emt 0:00:07]} 15. Kh1 {[%emt 0:00:03]} Rfe8 {[%emt 0:00:04]} 16. Na4 {[%emt 0:00:05]} Ned7 {[%emt 0:00:09]} 17. b4 {[%emt 0:00:07]} Qb8 {[%emt 0:00:20]} 18. Qd2 {[%emt 0:01:14]} h5 {[%emt 0:00:36]} 19. Rc2 {[%emt 0:00:10]} h4 {[%emt 0:00:05]} 20. Rb1 {[%emt 0:00:13]} h3 {[%emt 0:01:15]} 21. gxh3 {[%emt 0:00:17]} Nxe4 {[%emt 0:01:26]} 22. fxe4 {[%emt 0:01:54]} Bxe4+ {[%emt 0:00:00]} 23. Kg1 {[%emt 0:00:07]} e5 {[%emt 0:04:13]} 24. Nf3 {[%emt 0:00:30]} d5 {[%emt 0:00:08]} 25. Rd1 {[%emt 0:00:41]} d4 {[%emt 0:00:39]} 26. Rcc1 {[%emt 0:00:09]} dxe3 {[%emt 0:02:24]} 27. Qxd7 {[%emt 0:00:53]} Bc6 {[%emt 0:00:02]} 28. Qf5 {[%emt 0:00:01]} g6 {[%emt 0:00:07]} 29. Qc2 {[%emt 0:00:32]} Bxb4 {[%emt 0:01:10]} 30. Rf1 {[%emt 0:00:24]} Qc7 {[%emt 0:01:03]} 31. Ng5 {[%emt 0:00:51]} f5 {[%emt 0:00:04]} 32. c5 {[%emt 0:00:31]} bxc5 {[%emt 0:00:20]} 33. Qb3+ {[%emt 0:00:26]} Kg7 {[%emt 0:00:13]} 34. Nxc5 {[%emt 0:00:12]} Bxc5 {[%emt 0:00:09]} 35. Rxc5 {[%emt 0:00:03]} Qe7 {[%emt 0:00:10]} 36. h4 {[%emt 0:00:52]} f4 {[%emt 0:00:22]} 37. Rfc1 {[%emt 0:00:16]} Bd7 {[%emt 0:00:06]} 38. Rc7 {[%emt 0:00:13]} Kh6 {[%emt 0:00:46]} 39. Qb7 {[%emt 0:00:52]} Rxc7 {[%emt 0:00:28]} 40. Rxc7 {[%emt 0:00:03]} Rd8 {[%emt 0:00:03]} 41. Qd5 {[%emt 0:00:23]} Qb4 {[%emt 0:00:08]} 42. Qd1 {[%emt 0:01:49]} Qb6 {[%emt 0:00:14]} 43. Rxd7 {[%emt 0:00:33]} 1-0